000 00496nam a2200193Ia 4500
003 BUBTL
008 151213s9999 xx 000 0 und d
082 _a677SHP
100 _a Shoben,Martin
_91171
245 _aPattern Cutting And Making Up
260 _aNew Delhi
_bCBS Publishers
_cc1987
300 _a217p.
_bills.
_c28cm.
650 _aTextile
650 _aTextile
700 _a Shoben,Martin
_91172
856 _k0
_l0
_yDownload
942 _2ddc
_cBK
999 _c4078
_d4078